000 00307nam a2200121Ia 4500
008 190216s9999||||xx |||||||||||||| ||und||
100 _aGopinathan M S & Ramakrishnan V
245 0 _aGroup Theory In Chemistry
260 _bVishal Publcations
_c2000
300 _a154p
650 _aChemistry
942 _cBK
999 _c3477
_d3477